|
|
|
|
| LEADER |
00000nas a2200000 i 4500 |
| 001 |
ssj0001331630 |
| 003 |
WaSeSS |
| 005 |
20200512172242.0 |
| 006 |
m d |
| 007 |
cr n |
| 008 |
141024c20139999nyubr p s | a0eng |
| 010 |
|
|
|a 2014203513
|
| 022 |
|
|
|a 2375-6527
|y 2327-5731
|
| 035 |
|
|
|a (WaSeSS)ssj0001331630
|
| 037 |
|
|
|b Addleton Academic Publishers, 30-18 50th Street, Woodside, NY 11377
|c $15.00 (single issue)
|c $60.00 (per year)
|
| 040 |
|
|
|a DLC
|c DLC
|b eng
|d OCLCO
|d Z5A
|d OCLCO
|d OCLCF
|d DLC
|d NTG
|d WaSeSS
|
| 042 |
|
|
|a pcc
|a nsdp
|
| 082 |
1 |
0 |
|a 306.42
|2 23
|
| 130 |
0 |
|
|a Knowledge cultures (Woodside, N.Y.)
|
| 222 |
|
0 |
|a Knowledge cultures
|b (Online)
|
| 245 |
1 |
0 |
|a Knowledge cultures
|h [electronic resource] :
|b a multidisciplinary journal.
|
| 260 |
|
|
|a Woodside, NY :
|b Addleton Academic Publishers,
|c 2013-
|
| 310 |
|
|
|a Six issues per year
|
| 362 |
1 |
|
|a Began with: Volume 1, Number 1 (2013).
|
| 500 |
|
|
|a "Official journal of the Contemporary Science Association."
|
| 506 |
|
|
|a License restrictions may limit access.
|
| 588 |
|
|
|a Description based on: Volume 1, Number 1 (2013); title from pdf cover (addletonacademicpublishers.com website, viewed Oct. 24, 2014).
|
| 588 |
|
|
|a Latest issue consulted: Volume 1, Number 1 (2013) (viewed Oct. 24, 2014).
|
| 650 |
|
0 |
|a Knowledge, Sociology of
|v Periodicals.
|
| 650 |
|
0 |
|a Knowledge economy
|v Periodicals.
|
| 650 |
|
7 |
|a Knowledge economy.
|2 fast
|0 (OCoLC)fst01894277
|
| 650 |
|
7 |
|a Knowledge, Sociology of.
|2 fast
|0 (OCoLC)fst00988190
|
| 655 |
|
0 |
|a Electronic journals.
|
| 710 |
2 |
|
|a Contemporary Science Association.
|
| 776 |
0 |
8 |
|i Print version:
|t Knowledge cultures
|x 2327-5731
|w (DLC) 2013200763
|w (OCoLC)830854774
|
| 856 |
4 |
0 |
|z Full text available from Research Library: 01/01/2016 to present
|u https://search.proquest.com/publication/2045091
|